export_success — 

Trade and investment in China the European experience /

Bibliographic Details
Main Author: Strange, Roger.
Corporate Author: ProQuest (Firm)
Other Authors: Slater, Jim, 1947-, Wang, Limin, 1963-
Format: Electronic eBook
Language:English
Published: New York : Routledge, 1998.
Series:Growth economies of Asia series.
Subjects:
Online Access:Click to View
LEADER 01517nam a2200421Ia 4500
001 EBC169432
003 MiAaPQ
005 20200520144314.0
006 m o d |
007 cr cn|||||||||
008 971119s1998 nyu sb 001 0 eng d
010 |z  97043912  
020 |z 0203074009 
020 |z 0415182670 (alk. paper) 
035 |a (MiAaPQ)EBC169432 
035 |a (Au-PeEL)EBL169432 
035 |a (CaPaEBR)ebr10056183 
035 |a (CaONFJC)MIL32888 
035 |a (OCoLC)437078307 
040 |a MiAaPQ  |c MiAaPQ  |d MiAaPQ 
050 4 |a HF3838.E8  |b S77 1998 
082 0 4 |a 382/.095104  |2 21 
100 1 |a Strange, Roger. 
245 1 0 |a Trade and investment in China  |h [electronic resource] :  |b the European experience /  |c Roger Strange, Jim Slater, and Limin Wang. 
260 |a New York :  |b Routledge,  |c 1998. 
300 |a xviii, 315 p. 
490 1 |a Growth economies of Asia 
504 |a Includes bibliographical references and index. 
533 |a Electronic reproduction. Ann Arbor, MI : ProQuest, 2015. Available via World Wide Web. Access may be limited to ProQuest affiliated libraries. 
650 0 |a Investments, European  |z China. 
651 0 |a China  |x Commerce  |z Europe. 
651 0 |a Europe  |x Commerce  |z China. 
655 4 |a Electronic books. 
700 1 |a Slater, Jim,  |d 1947- 
700 1 |a Wang, Limin,  |d 1963- 
710 2 |a ProQuest (Firm) 
830 0 |a Growth economies of Asia series. 
856 4 0 |u https://ebookcentral.proquest.com/lib/matrademy/detail.action?docID=169432  |z Click to View